000 01169nam a2200241 a 4500
001 000028694
005 20200930055100.0
008 110411s1994 dr ad 001 0 spa d
040 _aDO-SdBNP
_bspa
_cBNPHU
082 _a338.162
_bR426s
110 1 _aRepública Dominicana.
_bSecretaría de Estado de Agricultura.
_bDepartamento de Investigaciones Agropecuarias.
_bCentro Sur de Desarrollo Agropecuario.
_955676
245 1 0 _aSistemas de cultivos :
_bcaracterización, diseño y evaluación agroeconómica de alternativas de producción, San Juan de la Maguana y Cibao Central, República Dominicana 1987-1993 /
_cprólogo Ana Julia Reynoso.
260 _a[Santo Domingo] :
_bSEA,
_c1994.
300 _a143 p. :
_bil., gráfcs. ;
_c25 cm.
504 _aBibliografía: p. 141-142
590 _aInventariado,2018/DG
650 4 _aCultivos
_xAspectos económicos
_zRepública Dominicana
_955677
650 4 _aDesarrollo de cultivos
_zRepública Dominicana
_955261
650 4 _aProductividad agrícola
_zRepública Dominicana
_955678
650 4 _aExperimentos de campos
_955679
700 1 _aReynoso, Ana Julia,
_epról.
_955680
910 _aValidado. Control de calidad EMS.
999 _c28186
_d28186